Consideración de Cataluña / (Record no. 10467)

MARC details
000 -LEADER
campo de control de longitud fija 00599nam a2200217 i 4500
001 - NÚMERO DE CONTROL
campo de control 10467
003 - IDENTIFICADOR DE NÚMERO DE CONTROL
campo de control ES-MaACL
005 - FECHA Y HORA DE LA ÚLTIMA TRANSACCIÓN
campo de control 20231213062934.0
007 - CAMPO FIJO DE DESCRIPCIÓN FÍSICA--INFORMACIÓN GENERAL
campo de control de longitud fija t|
008 - DATOS DE LONGITUD FIJA--INFORMACIÓN GENERAL
campo de control de longitud fija 950628s1994 sp |||| | spa d
020 ## - NÚMERO INTERNACIONAL ESTÁNDAR DEL LIBRO
Número Internacional Estándar del Libro 84-7002-456-6
080 ## - NÚMERO DE LA CLASIFICACIÓN DECIMAL UNIVERSAL
Número de la Clasificación Decimal Universal 9(467)
100 1# - ENTRADA PRINCIPAL--NOMBRE DE PERSONA
Nombre de persona Marías, Julián,
Fechas asociadas al nombre 1914-2005
9 (RLIN) 76688
245 10 - MENCIÓN DEL TÍTULO
Título Consideración de Cataluña /
Mención de responsabilidad, etc. Julián Marías.
260 ## - PUBLICACIÓN, DISTRIBUCIÓN, ETC.
Lugar de publicación, distribución, etc. Barcelona :
Nombre del editor, distribuidor, etc. Acervo,
Fecha de publicación, distribución, etc. D.L. 1994.
300 ## - DESCRIPCIÓN FÍSICA
Extensión 184 p. ;
Dimensiones 20 cm.
651 #4 - PUNTO DE ACCESO ADICIONAL DE MATERIA--NOMBRE GEOGRÁFICO
Nombre geográfico Cataluña-
Subdivisión general Cultura.
9 (RLIN) 8008
651 #4 - PUNTO DE ACCESO ADICIONAL DE MATERIA--NOMBRE GEOGRÁFICO
Nombre geográfico Cataluña-
Subdivisión general Descripción.
9 (RLIN) 8009
852 ## - LOCALIZACIÓN
Ubicación ES-MaACL
Número de control de estantería L-17913
Holdings
Estatus retirado Estado de pérdida Estado de daño No para préstamo Biblioteca de origen Biblioteca actual Ubicación en estantería Fecha de adquisición Fuente de adquisición Total de préstamos Signatura topográfica completa Código de barras Visto por última vez Precio de reemplazo Tipo de ítem Koha
        Biblioteca del Ateneo de Madrid Biblioteca del Ateneo de Madrid Depósito 2 17/01/2008     L-17913 1010677 23/02/2023 23/02/2023 Libro impreso